000
nam a22 7a 4500
999
_c
43996
_d
43996
003
OSt
005
20180417115829.0
008
180417b xxu||||| |||| 00| 0 eng d
040
_c
IIMT
100
_a
ISRD GROUP
245
_a
IT TOOL & BUSINESS SYSTEM
260
_a
NEW DELHI
_b
TMH
_c
2011
300
_a
446
942
_2
ddc
_c
01